|
|
|
|
| LEADER |
00823nam a2200265 4500 |
| 001 |
DLU120133709 |
| 005 |
##20120413 |
| 040 |
# |
# |
|a DLU
|b vie
|
| 041 |
# |
# |
|a vie
|
| 044 |
# |
# |
|a vn
|
| 100 |
# |
# |
|a Dương Thị Nga,
|c ThS.
|
| 245 |
# |
# |
|a Các cách tiếp cận nhằm tìm hiểu năng lực thích ứng nghề nghiệp cửa sinh viên sư phạm /
|c Dương Thị Nga,
|
| 653 |
# |
# |
|a Nghiệp vụ sư phạm
|
| 653 |
# |
# |
|a Nhân cách
|
| 653 |
# |
# |
|a Tâm lí xã hội
|
| 773 |
# |
# |
|t Tạp chí Giáo dục
|g Số 3(233), 2010, tr. 14-15
|
| 920 |
# |
# |
|a Phòng Tạp chí -- Trung tâm Thông tin - Thư viện Trường Đại học Đà Lạt
|
| 994 |
# |
# |
|a DLU
|
| 900 |
# |
# |
|a True
|
| 911 |
# |
# |
|a Nguyễn Thị Linh Chi
|
| 925 |
# |
# |
|a G
|
| 926 |
# |
# |
|a A
|
| 927 |
# |
# |
|a BB
|
| 980 |
# |
# |
|a Thư viện Trường Đại học Đà Lạt
|